000 00429nam a22001577a 4500
020 _a997151401X
040 _cNUST
082 _a621.815
_bJUV
100 _aJuvinall, Robert C.
_983666
110 _aMarshek, Kurt M.
_9104286
245 _aFundamentals of Machine Component Design
250 _a3rd Edition
260 _aNew York:
_bJohn Wiley @ Sons,
_c1999.
650 _aMachine Component Design
_962278
942 _2ddc
_cBK
999 _c611465
_d611465